| 000 | 00681nam a22001937a 4500 | ||
|---|---|---|---|
| 999 |
_c3605 _d3605 |
||
| 003 | AR-CdUCM | ||
| 008 | 190306b ||||| |||| 00| 0 spa d | ||
| 040 |
_aMUNICIPALIDAD PROVINCIAL DEL CUSCO _cBIBLIOTECA MUNICIPAL DEL CUSCO |
||
| 082 |
_a818.5 / _bR46 |
||
| 100 |
_aRevol, E.L. _911786 |
||
| 245 | _aPoetas Norteamericanos contemporáneos / | ||
| 260 |
_aBuenos Aires : _bEdic. Librerias Fausto, _c1976. |
||
| 300 |
_a489 paginas ; _c19 cm. |
||
| 505 | _aContenido :Conrad Aiken --John Berryman --Elizabeth Bishop --Robert Bly --Hart Crane ... | ||
| 650 |
_aPoemas norteamericanos _95156 |
||
| 650 |
_aLiteratura norteamericana _911787 |
||
| 942 |
_2ddc _cLIBROS |
||
| 945 | _arjall | ||